Film che iniziano per E - Statistics

Statistiche generali
  • Questo quiz è stato fatto 164 volte
  • Il punteggio medio è 7 su 20
Statistiche sulle risposte
Descrizione Film % Corretto
Un bambino salva un alieno rimasto accidentalmente sulla Terra. E.T. l'extra-terrestre
99%
Nascita, crescita, apoteosi e inizio del declino di un'icona del rock and roll. Elvis
69%
Le avventure di questo film si svolgono in una città multietnica dove gli abitanti sono fatti di fuoco, di acqua, di terra e di aria. Elemental
54%
Un giovane forgiato con un paio di arti peculiari lotta con la società per integrarsi. Edward Mani di Forbice
53%
Una ragazzina colombiana deve fare i conti con l'essere la sola componente della sua famiglia a non avere poteri magici. Encanto
49%
Un ragazzino allevato dagli elfi decide di ritrovare suo papà umano. Elf - Un elfo di nome Buddy
47%
Alla morte di Maria la Cattolica, la sua sorellastra protestante viene insediata sul trono britannico. Elizabeth
46%
In un mondo fantasy, un diciassettenne si imbatte in un uovo di drago: il suo destino sembra quello di diventare un cavaliere. Eragon
45%
La "guerra della corrente" tra il più famoso inventore americano e il suo rivale Westinghouse in collaborazione con Tesla. Edison
36%
Una coppia dalla vita idilliaca esplora la propria relazione in un mondo sotterraneo di lussuria e fantasie peccaminose. Eyes Wide Shut
30%
Un gruppo di eroi sovrumani che ha protetto la Terra fin dall'alba dell'umanità deve riunirsi per sconfiggere una minaccia. Eternals
25%
Un'immigrata cinese viene trascinata in una folle avventura, tra un universo parallelo e l'altro. Everything Everywhere All At Once
20%
Una donna, ottenuto un lavoro in uno studio legale, inizia ad indagare sulle acque contaminate di un cittadina. Erin Brockovic - Forte come la verità
17%
Reuben Feffer, dopo essere stato tradito dalla moglie nel corso della luna di miele, si innamora di un'amica d'infanzia. E Alla Fine Arriva Polly
16%
Un burattinaio fallito trova nel luogo in cui lavora una porticina nascosta che in realtà è un passaggio segreto nella testa di un famoso attore. Essere John Malkovich
16%
In un cupo bianco e nero riviviamo la biografia di colui che viene definito il "peggior regista di tutti i tempi". Ed Wood
11%
Un'aspirante attrice di teatro riesce a strappare la parte ad un'affermata diva, che l'aveva accolta come un'amica. Eva Contro Eva
11%
Un giovane programmatore prende parte ad un esperimento riguardante un'intelligenza artificiale ospitata nel corpo di una robot. Ex Machina
9%
Un pistolero collabora con uno sceriffo alcolizzato contro un losco allevatore che vorrebbe impadronirsi di tutta la valle. El Dorado
6%
Una giovane intelligente e soddisfatta di sé, trascorre la sua esistenza a combinare matrimoni. Emma
6%
Nessun quiz corrispondente trovato
Distribuzione punteggi
Percentuale di utenti per punteggio
Percentile per numero di risposta
I tuoi punteggi nel tempo
Non hai fatto questo quiz